[Event "11th Capo dOrso ACP Open 2019"]
[Site "Porto Mannu"]
[Date "2019.06.01"]
[Round "1"]
[White "Christiansen, Johan-Sebastian"]
[Black "Ventura, Salvatore"]
[Result "1-0"]
[WhiteElo "2561"]
[BlackElo "2110"]
[Annotator "TA"]
[PlyCount "59"]
[EventDate "2019.06.02"]
[EventType "swiss"]
[EventCountry "ITA"]
[SourceTitle "playchess.com"]
[Source "ChessBase"]
[SourceQuality "1"]

{[%evp 22,59,25,29,29,14,41,40,33,41,50,43,63,53,66,55,60,63,75,76,103,102,112,100,158,113,150,151,151,149,165,175,177,171,374,366,968,968,942,932]} 1. c4 c5 2. Nf3 Nc6 3. Nc3 g6 4. e3 Nf6 5. d4 cxd4 6. exd4 d5 7. cxd5 Nxd5 8. Qb3 Nxc3 9. Bc4 Nd5 10. Bxd5 e6 11. Bxc6+ bxc6 12. O-O Qd5 {A35: Symmetrical English: 2 Nc3 Nc6 3 Nf3} 13. Be3 f6 (13... Be7 14. Rfc1 f6 15. Nd2 Kf7 16. Rc2 a5 17. Qc4 Bb7 18. Nb3 Ba6 19. Qxd5 cxd5 20. Nxa5 {½-½ (32) Giri,A (2771)-So,W (2812) Leuven 2017}) 14. Nd2 Kf7 {White is slightly better.} 15. Qc2 Bd7 $146 ({Predecessor:} 15... Bb7 16. f3 Be7 17. Rfd1 Rhd8 18. Ne4 Ba6 19. b3 Rac8 20. Bf2 Qa5 21. Nc5 Bxc5 22. dxc5 Rxd1+ 23. Rxd1 Rd8 24. Rd6 Rxd6 25. cxd6 Qd5 26. Bxa7 {½-½ (26) Gschnitzer,O (2444)-Riff,J (2466) Baden 2012}) 16. Ne4 Be7 17. Rfe1 Rab8 18. f3 Rb4 19. b3 Rhb8 20. Rad1 a5 21. Nc3 Qh5 22. Qe2 Bd6 ({Black should play} 22... Kg7) 23. g3 R4b7 24. g4 Qh4 25. Ne4 Be7 26. Bf4 {Strongly threatening Bg3.} Ra8 27. Bd6 $36 {[%mdl 2048] [#] Qe3 is the strong threat. Black is under strong pressure.} Bc8 $2 (27... Rba7 {is a better defense.} 28. Bxe7 Kxe7) 28. Qe3 {Threatens to win with Bg3.} g5 $2 (28... Kg7 29. Qc3 Rba7 30. Bxe7 Rxe7) 29. Bxe7 $18 Rxe7 30. Nd6+ {Accuracy: White = 82%, Black = 19%.} 1-0

[Event "11th Capo dOrso ACP Open 2019"]
[Site "Porto Mannu"]
[Date "2019.06.01"]
[Round "1"]
[White "Brunello, Sabino"]
[Black "Cardili, Mariano"]
[Result "1-0"]
[WhiteElo "2556"]
[BlackElo "2070"]
[Annotator "TA"]
[PlyCount "27"]
[EventDate "2019.06.02"]
[EventType "swiss"]
[EventCountry "ITA"]
[SourceTitle "playchess.com"]
[Source "ChessBase"]
[SourceQuality "1"]

{[%evp 1,1,25]} 1. Nf3 {Predecessor:} d5 $146 2. e3 Nf6 3. c4 e6 4. Nc3 Be7 5. b3 O-O 6. Bb2 dxc4 7. bxc4 b6 8. d4 Bb7 9. Bd3 c5 10. d5 exd5 11. cxd5 b5 12. Bxb5 Nxd5 13. O-O Nf6 14. Qc2 {1-0 (102) Giri,A (2797)-Yu,Y (2751) Shenzhen 2019} 1-0

[Event "11th Capo dOrso ACP Open 2019"]
[Site "Porto Mannu"]
[Date "2019.06.01"]
[Round "1"]
[White "De Rosa, Mariagrazia"]
[Black "Moroni, Luca Jr"]
[Result "0-1"]
[WhiteElo "2094"]
[BlackElo "2561"]
[Annotator "TA"]
[PlyCount "60"]
[EventDate "2019.06.02"]
[EventType "swiss"]
[EventCountry "ITA"]
[SourceTitle "playchess.com"]
[Source "ChessBase"]
[SourceQuality "1"]

{[%evp 16,102,35,11,16,24,41,-8,-9,-15,-13,-18,-11,-435,-406,-639,-621,-29993,-13,-100,-93,-86,-97,-120,-104,-120,-113,-112,-111,-122,0,0,0,0,0,0,0,-5,-25,-37,-37,-100,-95,-118,-115,-118,-78,-130,-118,-133,-125,-118,-118,-137,-18,-97,-81,-345,-258,-283,-232,-732,-252,-255,-247,-553,-537,-29987,-29988,-29987,-29988,-29986,-564,-494,0,-29986,-29976,-29990,-29991,-29991,-29992,-29992,-29993,-29993,-29994,-29996,-29995,-29995,-29996]} 1. e4 e5 2. Nf3 Nc6 3. Bb5 a6 4. Ba4 Nge7 5. O-O g6 6. c3 Bg7 7. d4 exd4 8. cxd4 O-O 9. Nc3 b5 {C60: Ruy Lopez: Unusual Black 3rd moves and 3...g6} 10. Bb3 d6 11. a4 (11. h3 Na5 12. Bc2 c5 13. dxc5 dxc5 14. Qxd8 Rxd8 {0-1 (65) Vachier Lagrave,M (2789)-Mamedyarov,S (2808) Leuven 2018}) (11. h3 Bb7 12. Bg5 h6 13. Be3 Na5 14. d5 Nxb3 15. Qxb3 c5 16. Rad1 f5 17. e5 {0-1 (28) De Rosa,M (2141)-Moroni,L (2546) Bergamo 2018}) 11... Bg4 {The position is equal.} 12. axb5 $146 ({Predecessor:} 12. Be3 Na5 13. Bg5 c6 14. axb5 axb5 15. Bc2 h6 16. Bh4 {0-1 (65) Arvola,B (2358)-Slettebo,J (2054) Ballerup 2013}) 12... Nxd4 13. bxa6 Qc8 {...Bxf3 is the strong threat.} 14. Bc4 $2 {[%mdl 8192]} (14. Be3 $1 $11 {and White has nothing to worry.} Nxb3 15. Qxb3) 14... Bxf3 $1 $19 15. gxf3 (15. Qd2 $142 Qd7 16. Ra3) 15... Qh3 16. Be2 {[#]} Nxe2+ $2 (16... Be5 17. f4 $16) (16... Nxf3+ $1 {[%mdl 512] mates} 17. Bxf3 Be5 18. Bf4 Bxf4 19. Re1 Bxh2+ 20. Kh1 Bg3+ {[%mdl 64] Discovered Attack} 21. Kg1 Qh2+ {[%mdl 64] Double Attack} 22. Kf1 Qxf2#) 17. Qxe2 (17. Nxe2 $11 Qxf3 18. Nc3) 17... Nc6 $1 $17 {[%cal Rc6d4] Hoping for ...Nd4.} 18. Nb5 Ne5 $1 {[%cal Re5f3]} 19. Ra3 {[#] Strongly threatening f4.} Rxa6 $1 {[%mdl 512]} 20. Re3 (20. Rxa6 Nxf3+) 20... Qh4 $1 21. Nxc7 Rc6 22. Nd5 Bh6 (22... Rfc8 $1 $17 23. Bd2 (23. Rc3 $2 Rxc3 24. bxc3 Qh3 $19) 23... Bh6) 23. f4 $11 ({Avoid the trap} 23. Rc3 $2 Rxc3 24. bxc3 Bxc1 $19) 23... Bxf4 24. Nxf4 Qxf4 25. Rc3 Qh4 26. Rxc6 Nxc6 27. f4 Re8 28. Qg2 (28. Bd2 $15) 28... Qe7 $17 29. Re1 d5 {[%cal Rd5e4]} 30. e5 Qb4 {Played: Qe7-e6} 0-1

[Event "11th Capo dOrso ACP Open 2019"]
[Site "Porto Mannu"]
[Date "2019.06.01"]
[Round "2.1"]
[White "Abdumalik, Zhansaya"]
[Black "Christiansen, Johan-Sebastian"]
[Result "0-1"]
[WhiteElo "2464"]
[BlackElo "2561"]
[Annotator "TA"]
[PlyCount "80"]
[EventDate "2019.06.02"]
[EventType "swiss"]
[EventCountry "ITA"]
[SourceTitle "playchess.com"]
[Source "ChessBase"]
[SourceQuality "1"]

{[%evp 12,80,18,23,40,6,47,44,64,75,73,0,0,0,0,0,0,0,9,0,29,0,0,0,0,0,0,0,1,0,0,0,2,-95,-80,-88,-85,-182,-185,-177,-166,-160,-174,-302,-305,-352,-350,-478,-456,-784,-770,-986,-360,-332,-349,-975,-959,-1578,-1479,-1233,-837,-1196,-820,-785,-602,-29972,-2247,-29991,-29992,-29992,-774]} 1. e4 c5 2. Nf3 d6 3. d4 cxd4 4. Nxd4 Nf6 5. Nc3 a6 6. h3 e6 7. g4 Be7 {B81: Sicilian Scheveningen: Keres Attack} (7... h6 8. Bg2 Be7 9. Be3 Nc6 10. f4 Nd7 11. O-O Nxd4 12. Qxd4 O-O 13. Qd2 Rb8 14. Ne2 b5 15. Rad1 Bb7 16. e5 Bxg2 17. Kxg2 {0-1 (59) Ponomariov,R (2682)-Wang,H (2795) Hengshui 2019}) 8. Be3 Nfd7 9. h4 Nc6 {White is slightly better.} 10. g5 O-O 11. Bg2 (11. f4 $16) 11... Nde5 $11 12. Qe2 Nxd4 13. Bxd4 Nc6 14. Be3 Bd7 15. f4 Na5 {[#]} 16. O-O $146 ({Predecessor:} 16. f5) 16... Rc8 17. f5 Nc4 18. Bd4 {Hoping for f6.} f6 (18... Nxb2 $2 19. f6 $18) 19. g6 $1 Qe8 20. Qh5 {[%csl Gg6][%cal Rh5h7]} h6 21. b3 {Strongly threatening fxe6.} Na3 $36 {[%mdl 2048] Black fights for an advantage.} 22. Rf2 (22. fxe6 $11 Bxe6 23. Rf2) 22... e5 $17 23. Be3 Rxc3 24. Bxh6 (24. Bd2 $17 {was necessary.} Rxc2 25. Bxh6 $1 {[%mdl 512]} gxh6 26. Qxh6) 24... gxh6 $19 ({Weaker is} 24... Bxf5 25. exf5 Rf7 26. Bd5 $1 {[%mdl 512]} Rg3+ 27. Kh2 $1 {[%mdl 512]} gxh6 28. gxf7+ Kh7 29. fxe8=Q Rh3+ 30. Kxh3 Bf8 31. Qxf8 b6 32. Qhxh6#) 25. Qxh6 {[%csl Gg6][%cal Rh6h7] [#]} Rf7 $1 {[%cal Rf7g7] aiming for ...Rg7.} 26. gxf7+ Qxf7 27. Bf3 (27. Rd1 $142) 27... Qh7 $1 {[%cal Rh7h6]} ({Not} 27... Rxc2 28. Rxc2 Nxc2 29. Bh5 $11) 28. Qd2 Rxc2 29. Qd5+ Kf8 {And now ...Rxf2 would win.} 30. Qxb7 (30. Rg2 $142 Rxg2+ 31. Bxg2) 30... Rxf2 31. Qa8+ Kg7 $2 (31... Be8 32. Kxf2 Qxh4+ 33. Kg1 Nc2) 32. Kxf2 {White threatens Rg1+ and mate.} Qxh4+ 33. Kg1 $2 (33. Kg2 Nc2 34. Qa7) 33... Nc2 {( -> ...Ne3)} 34. Rf1 Qg3+ 35. Kh1 Qh3+ 36. Kg1 Ne3 37. Rf2 Qg3+ 38. Bg2 Ng4 (38... Bb5 $142 39. Qa7 Kf7 40. a4 Bd3 41. Qxe3 Qxe3 42. b4 d5 43. Bf3 dxe4 44. Bh5+ Kg7 45. Kg2 Bxb4 46. Ra2 Qg5+ $1 {[%mdl 576] Double Attack} 47. Kh1 Qxh5+ 48. Kg1 Bc5+ 49. Rf2 Bxf2+ 50. Kg2 Qf3+ 51. Kh2 Qg3+ 52. Kh1 Qh3#) 39. Re2 Bb5 40. Qa7 Qh2+ {Accuracy: White = 40%, Black = 68%.} (40... Bxe2 $142 41. Qxe7+ Kh6 42. Qf8+ Kg5 43. Qg8+ Kf4 44. Qxg4+ Bxg4 45. Kh1 {[#]} Bf3 $1 {[%mdl 512]} 46. Bxf3 Kxf3 47. b4 Qg2#) 0-1

[Event "11th Capo dOrso ACP Open 2019"]
[Site "Porto Mannu"]
[Date "2019.06.01"]
[Round "2.2"]
[White "Moroni, Luca Jr"]
[Black "Ushenina, Anna"]
[Result "1-0"]
[WhiteElo "2561"]
[BlackElo "2443"]
[Annotator "TA"]
[PlyCount "119"]
[EventDate "2019.06.02"]
[EventType "swiss"]
[EventCountry "ITA"]
[SourceTitle "playchess.com"]
[Source "ChessBase"]
[SourceQuality "1"]

{[%evp 15,119,24,26,24,38,20,8,6,16,16,16,16,20,15,16,26,31,29,23,25,11,11,43,43,41,36,21,29,66,69,64,49,70,60,93,88,110,79,72,0,104,28,35,34,168,100,114,89,89,79,85,85,80,45,36,47,45,0,0,0,33,33,33,34,35,23,123,97,111,125,161,158,178,167,175,177,137,137,245,262,256,249,245,234,206,123,244,243,439,410,5306,2395,29969,29972,29972,29973,29975,29976,29976,29978,29978,29979,29979,29980,29978,29978]} 1. d4 d5 2. c4 c6 3. Nf3 Nf6 4. e3 Bf5 5. Nc3 e6 6. Nh4 Be4 7. f3 Bg6 8. Qb3 Qc7 9. Bd2 {D12: Slav Defence: 3 Nf3 Nf6 4 e3 Bf5} Be7 10. cxd5 (10. O-O-O dxc4 11. Bxc4 a6 12. Be2 Nbd7 13. Nxg6 hxg6 14. Kb1 c5 15. d5 exd5 16. Nxd5 Nxd5 17. Qxd5 {0-1 (31) Karjakin,S (2773)-Caruana,F (2822) Saint Louis 2018}) 10... cxd5 11. O-O-O {The position is equal.} Nc6 12. Nxg6 hxg6 13. Kb1 Rc8 14. Rc1 a6 15. Bd3 Nd7 16. Ne2 Qb6 17. Qa4 $146 ({Predecessor:} 17. Qxb6 Nxb6 {0-1 (42) Vrolijk,L (2435)-Kuipers,S (2472) Netherlands 2018}) 17... Qa7 18. Qc2 Nb6 19. Qb3 Nd7 20. g3 Qb6 21. Qa4 Kf8 22. h4 Kg8 23. e4 Rd8 24. a3 dxe4 25. Bxe4 Ndb8 26. Bc3 Nd7 27. Bd2 {[%cal Re4c6]} Ndb8 $1 28. Rhd1 (28. Be3 $1 $16) 28... Rh5 $11 29. Bc3 {Black must now prevent Nf4.} Qb5 ({Better is} 29... Rb5 $14) 30. Qxb5 ({White should try} 30. Qc2 $1 $18) 30... Rxb5 $16 31. a4 Rb6 32. d5 exd5 33. Bxd5 Bf6 34. Nf4 Bxc3 35. Rxc3 Kf8 36. Rcd3 Nb4 37. Rd4 $36 {[%mdl 2048] White has the initiative.} a5 38. Bc4 Rxd4 39. Rxd4 {aiming for Rd8+.} Ke7 40. b3 (40. Nd3 {keeps more tension.} Nxd3 41. Rxd3 Nd7 42. Bb5 Nf6 43. Kc2) 40... N8c6 (40... Rf6 $11) 41. Nd5+ Nxd5 42. Rxd5 {[%mdl 4096] Endgame KRB-KRN} Rb4 43. Kb2 b6 44. Kc3 f6 45. Bb5 Ne5 46. f4 Ke6 (46... Nf7 $16 {is a better defense.}) 47. Rd1 $18 Nf7 48. Bc4+ Ke7 49. Re1+ Kf8 50. Re6 (50. Bd3 $1 $18) 50... Nd8 {[#]} (50... Nh6 $16 {was necessary.}) 51. Re4 $1 Nf7 $2 (51... Nc6 52. Re1 Ne7) 52. Rd4 Ke7 {[#]} (52... Nh6 $142 53. Bd3 Rxd4 54. Kxd4 Ke8) 53. Bxf7 $1 Rxd4 54. Kxd4 {White mates.} Kxf7 {KP-KP} 55. Kd5 g5 56. hxg5 fxg5 57. fxg5 Kg6 58. Kc6 Kxg5 59. Kxb6 Kg4 60. Kxa5 {Accuracy: White = 71%, Black = 43%.} 1-0

[Event "11th Capo dOrso ACP Open 2019"]
[Site "Porto Mannu"]
[Date "2019.06.01"]
[Round "2.8"]
[White "Holm, Kristian Stuvik"]
[Black "Yugina, Maria"]
[Result "1-0"]
[WhiteElo "2474"]
[BlackElo "2120"]
[Annotator "TA"]
[PlyCount "123"]
[EventDate "2019.06.02"]
[EventType "swiss"]
[EventCountry "ITA"]
[SourceTitle "playchess.com"]
[Source "ChessBase"]
[SourceQuality "1"]

{[%evp 20,123,26,14,23,18,31,39,45,22,58,54,36,62,52,8,56,62,57,19,37,35,44,36,41,58,54,47,50,41,54,29,29,0,0,0,0,-35,0,0,20,24,18,21,18,20,139,0,0,0,0,0,0,0,4,7,50,32,32,32,345,273,334,326,337,302,295,0,282,0,298,270,277,246,506,504,499,489,574,576,586,574,538,266,505,391,565,478,593,565,3156,1165,1033,985,5502,5501,4357,4490,1869,1668,29980,29981,29981,29982,29981,29982]} 1. c4 e6 2. Nc3 Bb4 3. Qc2 b6 4. a3 Bxc3 5. Qxc3 Nf6 6. Nf3 Bb7 7. b4 d6 8. Bb2 Nbd7 9. e3 e5 10. Be2 O-O 11. O-O Ne4 {A17: English Opening: 1...Nf6 with ...Bb4} (11... Qe7 12. d3 a5 13. Rfd1 axb4 14. axb4 Rxa1 15. Rxa1 Ra8 16. Rxa8+ Bxa8 17. Nd2 Qe8 18. e4 Bb7 19. g3 Qa8 20. f4 exf4 21. gxf4 {1-0 (53) Tan,Z (2509)-Vijayalakshmi,S (2358) Ashkhabad 2017}) 12. Qc2 f5 13. d4 Ng5 {White is slightly better.} 14. Qd1 Qe7 15. dxe5 $146 ({Predecessor:} 15. Nxg5 Qxg5 16. d5 {1-0 (16) Haug,U (2289)-Taboada,P (2340) IECG email 2005}) 15... Nxe5 16. Nxe5 dxe5 17. f3 (17. c5 $5) 17... Rad8 18. Qc2 c5 19. Qc3 Rfe8 20. Rad1 Nf7 21. Rxd8 Nxd8 22. Rd1 Nf7 23. b5 Qe6 24. a4 a5 25. Bf1 Qg6 26. Kf2 Qh6 27. h3 Qh4+ 28. Ke2 Qg3 29. Qe1 Qg5 30. Kd2 f4 31. exf4 Qxf4+ 32. Kc2 Nh6 (32... e4 $11) 33. Bc1 ({White must play} 33. Rd6 $16) 33... Qf6 $11 34. Bxh6 Qxh6 35. Bd3 Qf4 36. Qd2 Qh4 37. Re1 Qg3 38. Be4 Bxe4+ 39. Rxe4 $14 {[%mdl 4096] Endgame Hoping for Rg4. KQR-KQR} Kf8 $2 {[%mdl 8192]} (39... Qg6 $14) 40. Rg4 $18 Qh2 41. Qd6+ {[%mdl 64] [#] Double Attack} Re7 42. Qd8+ (42. Qxb6 Qg1 $18) 42... Re8 43. Qd6+ ({Don't do} 43. Qxb6 Qg1 $18) 43... Re7 44. Qd8+ Re8 $1 {[%cal Re8d8]} 45. Qxb6 Qg1 {intending ...Qf2+.} 46. Qxa5 $40 {[%mdl 128] White is out for blood.} Qa1 $2 {[#]} (46... h5 {might work better.}) 47. Qc7 $1 {[%csl Gg4][%cal Rc7g7]} Qxa4+ 48. Kd2 {[%csl Gg4][%cal Rc7g7]} Qb4+ 49. Ke2 {[%csl Gg4][%cal Rc7g7]} Re7 50. Qd8+ Re8 51. Qd2 (51. Qd6+ $142 Re7 52. Kf2) 51... Qa3 $2 (51... Qxd2+ 52. Kxd2 Kf7) 52. Kf2 g6 (52... Qa7 {keeps fighting.} 53. Qd5 Qc7) 53. Re4 Re7 54. Kg3 h5 55. Qd8+ (55. Qh6+ $142 Kf7 56. Qh7+ Kf8 57. Qh8+ Kf7 58. Rxe5 Rxe5 59. Qxe5) 55... Kf7 56. Qd5+ Kf6 57. Qd6+ Kf7 58. Rxe5 Rxe5 59. Qxe5 Qb4 60. Qc7+ {White mates.} Kf6 61. b6 Qe1+ 62. Kh2 {Accuracy: White = 56%, Black = 39%.} 1-0

[Event "11th Capo dOrso ACP Open 2019"]
[Site "Porto Mannu"]
[Date "2019.06.01"]
[Round "3.1"]
[White "Christiansen, Johan-Sebastian"]
[Black "Valsecchi, Alessio"]
[Result "1-0"]
[WhiteElo "2561"]
[BlackElo "2504"]
[Annotator "TA"]
[PlyCount "137"]
[EventDate "2019.06.02"]
[EventType "swiss"]
[EventCountry "ITA"]
[SourceTitle "playchess.com"]
[Source "ChessBase"]
[SourceQuality "1"]

{[%evp 11,137,6,13,5,10,0,40,20,27,19,20,18,19,17,38,29,38,31,36,29,44,41,43,49,54,47,22,33,36,8,8,8,8,20,28,0,9,-13,0,-47,0,0,0,0,0,0,56,77,68,14,14,20,8,16,26,0,0,0,11,0,0,0,0,0,0,0,0,0,0,0,0,0,9,5,19,9,63,63,83,80,122,122,122,122,119,119,122,122,121,121,131,135,211,217,214,205,440,408,483,430,485,481,630,424,29954,29956,29954,29957,29956,29958,29951,29954,29952,29951,29959,29961,29955,29958,29964,29967,29967,29967,29971,29972,29974,29974,29972,29961]} 1. d4 Nf6 2. c4 e6 3. Nf3 d5 4. Nc3 Bb4 5. Qa4+ Nc6 6. e3 O-O 7. Qc2 {D38: Queen's Gambit Declined: Ragozin Defence (4 Nf3 Bb4)} Re8 8. a3 (8. Bd2 a6 9. a3 Bd6 10. Rd1 Bd7 11. Bc1 dxc4 12. Bxc4 h6 13. O-O e5 14. dxe5 Nxe5 15. Nxe5 Bxe5 {½-½ (27) Wojtaszek,R (2722)-Vidit,S (2711) Prague 2019}) 8... Bf8 9. Bd2 {White is slightly better.} a6 10. Be2 dxc4 11. Bxc4 h6 $146 ({Predecessor:} 11... g6 12. O-O Bg7 13. Rac1 Nd7 14. Ne2 Nf6 15. Ba2 {½-½ (52) Toth,L (1874)-Domotor,J (2001) Hungary 2013}) 12. O-O e5 13. dxe5 Nxe5 14. Nxe5 Rxe5 15. e4 b5 16. Bf4 Rc5 17. Ba2 Be6 18. Bxe6 (18. Be3 {feels hotter.} Rc6 19. Rad1 Qe8 20. Bb1 g6 21. Rfe1) 18... fxe6 19. Rad1 Qe8 20. Qe2 Rc4 21. Be5 Nd7 22. Bg3 Nb6 23. Rd3 Qc6 24. Be5 {And now b3 would win.} Nd7 25. Bd4 e5 26. Be3 Nf6 27. f3 Bxa3 28. Nd5 $1 {[%cal Rd5f6] Black must now prevent Nxf6+.} Bc5 (28... Bf8 $11) 29. b3 $1 $14 {[%cal Rb3c4]} Rd4 30. Nxf6+ (30. Bxd4 $14 Bxd4+ 31. Ne3 (31. Rxd4 Qc5 $16 {[%mdl 64] Pin})) 30... Qxf6 $11 31. Bxd4 Bxd4+ 32. Kh1 c5 33. f4 exf4 34. g3 Re8 35. gxf4 Qc6 36. Re1 b4 37. Rg3 Kh8 38. Qg2 Bc3 39. Rg6 $36 {[%mdl 2048] White is more active.} Qb7 40. Re2 Qf7 {[%mdl 64] [#] Double Attack} 41. e5 Qxf4 {Hoping for ...c4.} 42. Qe4 ({Of course not} 42. Rxa6 Rf8 $15) 42... Qxe4+ (42... Qf8 {looks sharper.} 43. e6 c4 44. bxc4 a5 45. Kg2 Bf6) 43. Rxe4 {[%mdl 4096] Endgame KRR-KRB} a5 (43... c4 $11 44. Rxc4 Rxe5) 44. Rc6 $14 Bd4 $1 45. e6 Kh7 46. Ra6 Kg6 47. Rxa5 Kf6 48. Ra6 Kf5 49. Re2 Re7 50. Kg2 h5 51. Rd6 g5 (51... Kf6 $16 {is a better defense.} 52. h4 g6) 52. Rd5+ $18 Kf6 53. Kf3 h4 $2 (53... Re8 {was necessary.} 54. h4 gxh4 55. Rxh5 Ke7 56. Rxh4 Kd6) 54. Rd6 Kf5 {[#]} 55. h3 $1 Kf6 56. Kg4 Be5 57. Rc6 Rxe6 (57... Bd4 $18 58. Re1 Kg6) 58. Rxc5 {White mates.} Bf4 59. Rxe6+ Kxe6 {KR-KB} 60. Rc4 Bd2 61. Rd4 Bc3 62. Rd1 Kf6 63. Rd5 Be5 64. Rb5 Bd6 65. Rxg5 Bg3 66. Rh5 Ke6 67. Rxh4 Bxh4 68. Kxh4 Kf5 69. Kg3 {Accuracy: White = 67%, Black = 44%.} 1-0

[Event "11th Capo dOrso ACP Open 2019"]
[Site "Porto Mannu"]
[Date "2019.06.01"]
[Round "3.2"]
[White "Movsziszian, Karen"]
[Black "Moroni, Luca Jr"]
[Result "1-0"]
[WhiteElo "2486"]
[BlackElo "2561"]
[Annotator "TA"]
[PlyCount "67"]
[EventDate "2019.06.02"]
[EventType "swiss"]
[EventCountry "ITA"]
[SourceTitle "playchess.com"]
[Source "ChessBase"]
[SourceQuality "1"]

{[%evp 14,67,0,3,0,0,0,-3,38,45,88,116,144,0,1,0,0,0,9,0,81,79,56,63,167,166,172,167,175,137,138,143,187,193,217,189,293,285,389,386,584,569,824,808,696,543,508,478,2136,2135,1844,1847,1949,1784,1737,1690]} 1. g3 d5 2. Bg2 Nf6 3. d3 c5 4. f4 g6 5. Nf3 Bg7 6. O-O O-O 7. Qe1 Nc6 8. e4 dxe4 {A03: Bird's Opening with 1...d5} 9. dxe4 e5 10. Nc3 Be6 {The position is equal.} (10... Nd4 11. Rf2 exf4 12. Bxf4 Qb6 13. Rb1 Be6 14. h3 Nh5 15. Ng5 Rad8 16. Nxe6 fxe6 {½-½ (53) Shabalov,A (2544)-Banusz,T (2641) chess.com INT 2018}) 11. f5 $1 {[%cal Rf5e6]} gxf5 {[#]} 12. Bg5 $146 ({Predecessor:} 12. exf5 Bxf5 13. Nxe5 Nd4 14. Qf2 Qc7 15. Bf4 Nh5 16. Nd5 {1-0 (28) Montigel,P-Rapp,U (2097) Wuerttemberg 2000}) 12... Re8 13. Nh4 {[#]} (13. Rd1 $16 Qb6 14. Bxf6 Bxf6 15. exf5) 13... f4 $1 $11 {[%mdl 512]} 14. Nf5 (14. gxf4 h6) 14... Bxf5 $1 15. exf5 Nd4 $1 {[%cal Rd4c2]} 16. Rd1 h6 (16... Qb6 $1 $11 {remains equal.}) 17. Bxf6 $16 Qxf6 18. Ne4 $1 {[%cal Re4f6]} Qxf5 (18... Qb6 $14) 19. c3 $36 {[%mdl 2048] White has strong initiative.} Ne6 20. Nd6 $1 {[%csl LRb7,LRe8,LRf5][%mdl 64] Double Attack} Qg5 21. Nxe8 Rxe8 22. Rd7 ({Resist} 22. Bxb7 $6 Rb8 $14) 22... Rd8 23. Rxb7 f5 24. Rxa7 Rd6 (24... e4 $142 25. a4 Re8) 25. Qf2 h5 26. Kh1 h4 (26... Kh8 {is a better defense.} 27. Bh3 h4 28. gxh4 Qh5) 27. gxf4 {White is clearly winning.} Nxf4 28. Rg1 {White threatens Bd5+! and mate.} Qh6 29. Qxc5 Rg6 30. Qc8+ Kh7 (30... Bf8 $142 31. Qxf5 (31. Bd5+ Kh8 $18) 31... Rxg2 32. Rxg2+ Nxg2 33. Qf7+ (33. Kxg2 Qd2+ {[%mdl 64] Double Attack} 34. Kf3 Qd1+ 35. Kg2 Qd2+ 36. Kh3 Qe3+ {[%mdl 64] Double Attack} 37. Kxh4 Qxa7 $11) 33... Kh8) 31. Qxf5 {White wants to mate with Be4.} Nxg2 32. Ra6 Nf4 33. Raxg6 Nxg6 34. Rg5 {Accuracy: White = 84%, Black = 32%.} 1-0

[Event "11th Capo dOrso ACP Open 2019"]
[Site "Porto Mannu"]
[Date "2019.06.01"]
[Round "3.3"]
[White "Ruiz Castillo, Joshua Daniel"]
[Black "Marin, Mihail"]
[Result "1-0"]
[WhiteElo "2472"]
[BlackElo "2531"]
[Annotator "TA"]
[PlyCount "43"]
[EventDate "2019.06.02"]
[EventType "swiss"]
[EventCountry "ITA"]
[SourceTitle "playchess.com"]
[Source "ChessBase"]
[SourceQuality "1"]

{[%evp 9,43,38,76,26,36,29,30,30,31,32,58,53,137,137,133,128,137,120,198,198,227,202,529,531,958,959,947,952,938,936,1650,1172,1104,528,534,495]} 1. e4 d6 2. d4 Nf6 3. Nc3 g6 4. Bg5 c6 5. Qd2 b5 {Black wants to play ...b4.} 6. e5 {B07: Pirc Defence: Miscellaneous Systems} (6. Bd3 Nbd7 7. Nf3 h6 8. Bf4 Bg7 9. O-O Nh5 10. Be3 Nb6 11. a4 Nc4 12. Bxc4 bxc4 13. Qe2 Ba6 14. b4 O-O {½-½ (102) Carlsen,M (2851)-Petrosian,T (2611) chess.com INT 2016}) 6... b4 7. exf6 bxc3 8. Qxc3 {aiming for d5.White has an edge.} exf6 9. Bf4 Be6 10. O-O-O a5 $146 ({Black should try} 10... d5 $14) ({Predecessor:} 10... Be7 11. Bh6 d5 12. Ne2 Qb6 13. Nf4 Nd7 {1-0 (38) Asis Gargatagli,H (2529)-Movsziszian,K (2540) Barcelona 2018}) 11. d5 $1 $36 {[%cal Rd5e6][%mdl 2048] White has strong initiative.} cxd5 12. Bb5+ Nd7 13. Nf3 {[%mdl 1024] White has strong compensation.} Rc8 (13... Bg7 $16) 14. Qe3 $18 Qc7 {[%csl Gc8][%cal Rc7c2] [#]} 15. Nd4 {Strongly threatening Kb1.} Qc5 $2 (15... Bg7 16. Kb1 Ke7) 16. Rd3 {[%cal Bd1d3,Bd3c3,Bc3c6][%mdl 32] White is clearly winning.} Kd8 17. Rc3 Qb4 18. Rc6 g5 19. Bg3 Rc7 20. a3 Qxb5 21. Nxb5 (21. Rxc7 $142 Qa4 22. Ra7) 21... Rxc6 22. Qa7 {Played: Nb5-d4} 1-0